00463nam a2200145Ia 4500008004100000020001800041041000800059082001700067100007300084245007500157250000600232260002900238300001500267650003500282210716s2010 xx 000 0 und d a9788131776483 aeng a519.535 HAIJ aHari, Joseph F; Black, William C; Babin, Barry J; Anderson, Rolph E. aMultivariate data analysis: a global perspective.bGlobal perspective. a7 aNew DelhibPearsonc2010 axxviii,800 aStatistical Mathematics(519.5)